000 00445nam a22001817a 4500
003 OSt
005 20180205095316.0
008 180205b xxu||||| |||| 00| 0 eng d
010 _a6825317
040 _aLB-BrCRDP
082 _a370.11 B335n
100 _aJ. A. Battle
245 _aThe New Idea in Education
260 _aNew York
_bHarper & Row, Publishers
_c1968
300 _a199p
_c23cm
700 _aRobert L. Shannon
942 _2ddc
_cBK
999 _c18525
_d18525